| 000 | 00355cam a2200145ua 4500 | ||
|---|---|---|---|
| 041 |
_aeng _h |
||
| 082 |
_a824 _bSTE/HO |
||
| 100 | _aStephen, Leslie . | ||
| 245 |
_aHours in a library, Vol 2 / _cLeslie Stephen. _hTextual Documents |
||
| 260 |
_aLondon : _bJohn Murray , _c1928. |
||
| 300 | _a347 ; . | ||
| 504 | _a | ||
| 942 | _cBK | ||
| 999 |
_c3943 _d3943 |
||